00381nam a2200145Ia 4500003000400000008004100004040001600045082001700061100001900078245005300097260004400150300000800194650001700202650001600219GCL140319s9999 xx 000 0 eng d aGCL / cGCL04a930.103bV D1 aVILLE, GEORGES10aDICTIONNAIRE DE L'ARCHEOLOGIE / cVILLE, GEORGES a[S.N] : bLIBRARY OF LAROUSSE ، c1988 a25504aDICTIONARIES04aARCHAEOLOGY